| 000 | 01758nam a22002777a 4500 | ||
|---|---|---|---|
| 003 | Uzh_bibl | ||
| 008 | 240304b |||||||| |||| 00| 0 ukr d | ||
| 020 |
_a966-8114-46-9 _c34 грн. |
||
| 040 | _bукр. | ||
| 041 |
_2eng _aukr |
||
| 080 | _a821.161.1 | ||
| 090 |
_a821.161.1 _bК42 |
||
| 100 | _aКіплінг, Редьярд | ||
| 245 |
_aМауглі _bТарзан _cпер. І. Базилянська _hТекст |
||
| 260 |
_aХарків _bВД "ШКОЛА" _c2009 р. |
||
| 300 |
_a496 с. _bіл. _fВ опр. |
||
| 490 | _aЗолота серія "Бібліотека пригод" | ||
| 520 | _aУпродовж століть збереглася популярність письменників Р. Кіплінга та Е. Бероуза, яких об'єднали в цій книзі їхні герої - Мауглі і Тарзан. Тісно переплітаються надзвичайні історії життя хлопчиків: обидва виросли у джунгля серед диких звірів, обидва не просто вижили, а стали сильними, мужніми, розумними людьми, здатними захищати добро і протистояти злу, втілюючи в собі переваги природи та надбання цивілізації. | ||
| 521 | _aДля широкого кола читачів. | ||
| 546 | _aукр. | ||
| 650 | _aЛітературно-художнє видання | ||
| 653 |
_aБрати Мауглі _aПолювання Каа _aУ морі _aХлопчик _aДжунглі _aТварини |
||
| 655 |
_aПригоди _vОповідання |
||
| 700 | _aБерроуз, Е. | ||
| 942 |
_2udc _cBK |
||
| 999 |
_c9021 _d9021 |
||